Domeny internetowe krajów europejskich. - Statystyki

Ogólne statystyki
  • Ten quiz został rozwiązany 467 razy
  • Średni wynik to 23 z 45
Statystyki odpowiedzi
Kraje Domena % Poprawnych
Albania .al
95%
Andora .ad
91%
Beliga .be
88%
Austria .at
82%
Francja .fr
76%
Czechy .cz
75%
Grecja .gr
75%
Polska .pl
73%
Finlandia .fi
69%
Rosja .ru
68%
Islandia .is
66%
Bułgaria .bg
64%
Litwa .lt
64%
Niemcy .de
63%
Norwegia .no
63%
Portugalia .pt
61%
San Marino .sm
59%
Luksemburg .lu
58%
Dania .dk
57%
Hiszpania .es
57%
Liechtenstein .li
54%
Malta .mt
53%
Rumunia .ro
53%
Włochy .it
51%
Holandia .nl
49%
Łotwa .lv
47%
Wielka Brytania .uk
47%
Mołdawia .md
46%
Szwecja .se
44%
Chorwacja .hr
41%
Słowacja .sk
39%
Węgry .hu
38%
Estonia .ee
36%
Ukraina .ua
36%
Szwajcaria .ch
32%
Irlandia .ie
31%
Monako .mc
29%
Czarnogóra .me
27%
Bośnia i Hercegowina .ba
25%
Białoruś .by
25%
Watykan .va
24%
Słowenia .si
21%
Macedonia .mk
19%
Serbia .rs
19%
Kosowo .xk
6%
Nie znaleziono quizów pasujących do podanych kryteriów
Rozkład punktacji
Procent ludzi z każdym wynikiem
Percentyl według liczby udzielonych odpowiedzi
Twoja historia wyników
Nie rozwiązałeś tego quizu